Formy individuálnej a kolektívnej hmotnej zainteresovanosti podnikov miestnej výroby a služieb záverečná práca postgraduálneho štúdia

Guardado en:
Detalles Bibliográficos
Autor principal: Mano, Dušan
Autor Corporativo: Vysoká škola ekonomická v Bratislave
Otros Autores: Chomo, Oto
Formato: Libro
Lenguaje:eslovaco
Publicado: Bratislava 1990
Etiquetas: Agregar Etiqueta
Sin Etiquetas, Sea el primero en etiquetar este registro!

MARC

LEADER 00000nam a2200000 4500
001 c033720
005 20221215070608.9
041 0 |a slo 
044 |a SK 
245 1 0 |a Formy individuálnej a kolektívnej hmotnej zainteresovanosti podnikov miestnej výroby a služieb  |b záverečná práca postgraduálneho štúdia  |c Dušan Mano ; ved. práce Oto Chomo 
264 1 |a Bratislava  |c 1990 
300 |a 46 s. 
100 1 |a Mano, Dušan 
700 1 |a Chomo, Oto 
710 2 |a Vysoká škola ekonomická v Bratislave